1282 1372 1775 1203 1873 1189 1815 1757 1667 1731 1389 1475 1622 1700 1695 1917 1571 1953 1335 1241 1313 1063 1459 1192 1950 1897 1837 1538 1009 1057 1470 1681 1263 1386 1789 1807 1058 1228 1690 1643 1343 1979 1911 1638 1756 1624 1670 1265 1937 1532 1279 1827 1207 1855 1476 1537 1036 1999 1032 1867 1330 1012 1795 1933 1930 1457 1803 1547 1338 1908 1901 1633 1961 1884 1266 1781 1242 1597 1070 1769 1995 1210 1509 1806 1159 1662 1158 1997 1926 1112 1632 1789 1686 1911 1916 1757 1905 1706 1725 BCNSPRNW ULIB Ver.6.0+V

เปลี่ยนเป็นภาษาไทย

Change to English
 แสดงรายละเอียดบรรณานุกรม
  กลับหน้าหลัก

Brief Record : Get Marc (ISO 2709) : E-mail record : QR code < ปิดหน้าต่าง
LEADER : 00000nam 2200000uu 4500
001    13399128444
003     ULIB
008    230828s2023||||th 000 0 tha d
020    ^a9781975171223
060 04 ^aWS421^bD489
245 00 ^aDevelopmental care of newborns and infants :^ba guide forhealth professionals /^c[edited by] Carole Kenner,Jacqueline M. McGrath
250    3rd.ed
260    ^aSt. Louis :^bMosby,^c2023
300    ^axxvii, 378 p. :^bill. ;^c23 cm.
650  2 ^aChild Development
650  2 ^aFamily
650  2 ^aIntensive Care, Neonatal^xmethods
650  2 ^aIntensive Care Units, Neonatal
650  2 ^aNeonatal Nursing^xmethods
700 1  ^aKenner, Carole,^eed.
700 1  ^aMcGrath, Jacqueline M.,^eed.
945    ^p3375^l0^i010201
999    ^aประนอม เกษจรัล
รายการนี้ยังไม่มีแท็ก
คุณยังไม่ได้ล็อกอิน คุณสามารถมีกิจกรรมร่วมกับเว็บไซต์ได้ แต่ต้องล็อกอินก่อน ::
  ล็อกอิน

รายการสื่อสารสนเทศ

ลำดับที่ ประเภท เลขเรียก/บาร์โค้ด สถานที่ สถานะ
1. วิทยาศาสตร์การแพทย์ และสุขภาพ
หนังสือสำรอง
สถานะ=หนังสือสำรอง
WS421 D489 ฉ.1 
  Barcode: 010201
ห้องสมุดวิทยาเขตสวรรค์ประชารักษ์
►หนังสือทั่วไป
บนชั้น

รายการใกล้เคียง
    หัวเรื่อง [Child Development]
    หัวเรื่อง [Family]
    หัวเรื่อง [Intensive Care Units, Neonatal]

BibComment


ยังไม่เคยถูกคอมเมนท์

คอมเมนท์ทรัพยากรรายการนี้
  คอมเมนท์: Developmental ca..


 Copyright 2026. Bcnsprnw @Library